Efficiency improvement for statically linked programs analysis

Enregistré dans:
Détails bibliographiques
Auteur principal: Janotková, Tamara (Auteur)
Autres auteurs: Košinár, Peter (Directeur de thèse)
Format: Manuscrit Livre
Langue:slovaque
anglais
Publié: 2025
Sujets:
Accès en ligne:http://is.stuba.sk/zp/portal_zp.pl?podrobnosti=183719
Tags: Ajouter un tag
Pas de tags, Soyez le premier à ajouter un tag!

MARC

LEADER 00000ntm a22000003a 4500
001 stuzp105881
003 SK-STU
005 20250607211935.1
007 ta
008 150427s2015----xo-----f-mn---000-0-slo-d
040 |a STU  |b slo 
041 0 |a eng 
100 1 |a Janotková, Tamara  |u 070400  |4 aut  |U FIIT Fakulta informatiky a informačných technológií  |T FIIT Ústav počítačového inžinierstva a aplikovanej informatiky  |X 110809  |U I400  |Y 672  |7 110809 
242 0 1 |a Zefektívnenie analýzy staticky linkovaných programov  |y slo 
245 1 0 |a Efficiency improvement for statically linked programs analysis 
260 |c 2025 
650 4 |a executable files  |2 eng 
650 4 |a reverse engineering  |2 eng 
650 4 |a malware analysis  |2 eng 
650 4 |a spustiteľné súbory  |2 slo 
650 4 |a reverzné inžinierstvo  |2 slo 
650 4 |a analýza malvéru  |2 slo 
700 1 |a Košinár, Peter  |4 ths  |X 73722  |7 73722 
856 4 |u http://is.stuba.sk/zp/portal_zp.pl?podrobnosti=183719